Очерки истории книжной культуры Усть-Цилемского края (Запись № 13635540)

Подробности
000 -МАРКЕР
контрольное поле 01749nam1a2200325 4500
001 - ИДЕНТИФИКАТОР ЗАПИСИ
контрольное поле RU\NLR\BIBL_A\022693817
005 - ИДЕНТИФИКАТОР ВЕРСИИ
контрольное поле 20260408233147.0
035 ## - ДРУГИЕ СИСТЕМНЫЕ НОМЕРА
Идентификатор записи (NLR Aleph) 022693817
100 ## - ДАННЫЕ ОБЩЕЙ ОБРАБОТКИ
Данные общей обработки 20251223d2025 k y0rusy50 ca
101 0# - ЯЗЫК РЕСУРСА
Язык текста, звукозаписи и т.д. русский
102 ## - СТРАНА ПУБЛИКАЦИИ ИЛИ ПРОИЗВОДСТВА
Страна публикации Российская Федерация
105 ## - ПОЛЕ КОДИРОВАННЫХ ДАННЫХ: ТЕКСТОВЫЕ МАТЕРИАЛЫ, МОНОГРАФИЧЕСКИЕ
Кодированные данные о монографическом текстовом документе z
181 #0 - ПОЛЕ КОДИРОВАННЫХ ДАННЫХ: ВИД СОДЕРЖАНИЯ
Код вида содержания (ISBD) i
Код характеристики содержания (ISBD) axxe
182 #0 - ПОЛЕ КОДИРОВАННЫХ ДАННЫХ: ТИП СРЕДСТВА
Код типа средства (ISBD) n - непосредственное
200 1# - ЗАГЛАВИЕ И СВЕДЕНИЯ ОБ ОТВЕТСТВЕННОСТИ
Основное заглавие Очерки истории книжной культуры Усть-Цилемского края
Сведения, относящиеся к заглавию монография
-- в двух томах
Первые сведения об ответственности Т. Ф. Волкова
Последующие сведения об ответственности Министерство науки и высшего образования Российской Федерации, "Сыктывкарский государственный университет имени Питирима Сорокина" (ФГБОУ "СГУ им. Питирима Сорокина")
203 ## - ВИД СОДЕРЖАНИЯ И ТИП СРЕДСТВА
Вид содержания Текст
Дополнительные сведения об издании визуальный
Тип средства непосредственный
205 ## - СВЕДЕНИЯ ОБ ИЗДАНИИ
Сведения об издании 2-е изд.
210 ## - ПУБЛИКАЦИЯ, РАСПРОСТРАНЕНИЕ И ДР.
Место издания, распространения и т.д. Сыктывкар
Имя издателя, распространителя и т. д. Изд-во СГУ им. Питирима Сорокина
Дата издания, распространения и т.д. 2025
215 ## - ФИЗИЧЕСКАЯ ХАРАКТЕРИСТИКА
Размеры 20
225 1# - СЕРИЯ
Основное заглавие серии Слово и текст в контексте культуры
Сведения, относящиеся к заглавию серия монографий
300 ## - ОБЩИЕ ПРИМЕЧАНИЯ
Текст примечания На 4-й с. обл. авт.: Волкова Т. Ф., д-р филол. наук, проф.
606 ## - НАИМЕНОВАНИЕ ТЕМЫ КАК ПРЕДМЕТ
Наименование темы Книжное дело
Тематический подзаголовок История
Географический подзаголовок Коми, Республика
Системный номер авторитетной/нормативной записи 2696452
Идентификатор авторитетной/нормативной записи RU\NLR\AUTH\6601766140
686 1# - ИНДЕКСЫ ДРУГИХ КЛАССИФИКАЦИЙ
Индекс Ч611.63(2Р-6Ко)
700 #1 - ИМЯ ЛИЦА - ПЕРВИЧНАЯ ОТВЕТСТВЕННОСТЬ
Графика поля Кириллица
Материалы, к которым относится поле rus
Начальный элемент ввода Волкова
Часть имени, кроме начального элемента ввода Т. Ф.
Дополнения к именам, кроме дат д-р филол. наук, литературовед
Даты 1947-
Расширение инициалов личного имени Татьяна Федоровна
Системный номер авторитетной/нормативной записи 114348
Идентификатор авторитетной/нормативной записи RU\NLR\AUTH\774367
852 ## - МЕСТОНАХОЖДЕНИЕ И ШИФР ХРАНЕНИЯ
Идентификатор организации NLR
Шифр хранения (Call Number) 2025-3/27615
942 ## - ДОПОЛНИТЕЛЬНЫЕ ЭЛЕМЕНТЫ ЗАПИСИ (АБИС)
Тип экземпляра АБИС Книга
980 ## - КОЛЛЕКЦИЯ
Название коллекции Национальная библиография

Нет доступных экземпляров.